000 00761nam a2200289Ia 4500
005 20260324115833.0
008 008 260324s9999 xx 000 0 eng d
020 _a9781315369587
037 _aEBOOK
040 _aCRL
040 _beng
040 _cCRL
041 _2eng
041 _aeng
084 _qCRL
100 _aJoseph V. Cohn; Sae Schatz; David J. Y. Combs; Hannah Freeman
_91156199
245 0 _aModeling Sociocultural Influences on Decision Making
245 0 _bUnderstanding Conflict, Enabling Stability
260 _bTaylor and Francis
260 _c2016
365 _a
365 _b355
856 _uhttp://www.taylorfrancis.com/books/9781315369587
942 _cEBOOK
999 _c1747371
_d1747371